Principles of control systems engineering

Salvato in:
Dettagli Bibliografici
Autori principali: Del Toro, Vincent (Autore), Parker, Sidney R (Autore)
Natura: Libro
Lingua:inglese
Pubblicazione: Nueva York McGraw-Hill 1960
Serie:McGraw-Hill Series in Control Systems Engineering
Soggetti:
Tags: Aggiungi Tag
Nessun Tag, puoi essere il primo ad aggiungerne!!

MARC

LEADER 00000nam a2200000 a 4500
001 UCU5273
003 CL-VaPUC
008 960531e19600000US |||||||||||||||||eng|d
082 0 4 |a 629.8  |b DEL  |2 21 
100 0 |a Del Toro, Vincent  |e author  |9 363192 
700 0 |a Parker, Sidney R  |e author  |9 363193 
245 1 0 |a Principles of control systems engineering 
300 |a 686 p 
942 |c BK 
945 |d 19960531 00:00:00  |a paguirre 
260 |a Nueva York  |b McGraw-Hill  |c 1960 
650 7 |a SISTEMAS CIBERNETICOS  |2 CL-VaPUC  |9 354475 
650 0 |a Control automático  |9 259890 
650 0 |a Ingeniería de sistemas   |9 261019 
650 0 |a Ecuaciones diferenciales  |9 260083 
650 0 |a Circuitos eléctricos   |9 260262 
583 |a last modification  |c 19960531 00:00:00  |k Rodrigo Vera 
490 0 |a McGraw-Hill Series in Control Systems Engineering 
999 |c 248689  |d 248687 
952 |0 0  |1 0  |4 0  |6 629_800000000000000_DEL_1960  |7 0  |8 A  |9 265479  |a BIBING  |b BIBING  |d 2019-11-19  |i 1671626  |o 629.8 DEL 1960  |p 1671626  |r 2025-01-20  |w 2019-11-19  |y BK  |k EIE